000 00664nam a2200205Ia 4500
001 23420
003 GE_BSU
008 181216s||||||||xx |||||||||||||| ||und||
040 _cGE_BSU
245 _aУспехи современной биологии, Том 138. №3май-июнь 2018.
245 _cГл.ред.И.А.Захаров-Гезечус и др.
260 _aмосква
260 _bнаука
260 _c2018
300 _a320ст;28см;
653 _aПериодика
653 _aУспехи современной биологии, Том 138. №3май-июнь 2018.
653 _aპერიოდიკა
942 _cCR
999 _c56307
_d56307